David Bowie Albums (+ Others) - Statistics

General Stats
  • This quiz has been taken 19 times
  • The average score is 21 of 31
Answer Stats
Hint Answer % Correct
2016 Blackstar
100%
1971 Hunky Dory
93%
1977 Low
93%
1973 Pin Ups
93%
1975 Young Americans
93%
1967 David Bowie
86%
1977 "Heroes"
86%
1983 Let's Dance
86%
1979 Lodger
86%
1976 Station to Station
86%
1970 The Man Who Sold the World
86%
1973 Aladdin Sane
79%
1974 Diamond Dogs
79%
1993 Black Tie White Noise
71%
2013 The Next Day
71%
1972 The Rise and Fall of Ziggy Stardust and the Spiders from Mars
71%
1987 Never Let Me Down
64%
2003 Reality
64%
1980 Scary Monsters (and Super Creeps)
64%
1993 The Buddha of Suburbia
64%
1984 Tonight
64%
1997 Earthling
57%
2002 Heathen
57%
1989* Tin Machine
57%
2021** Toy
50%
1999 'Hours...'
43%
1991* Tin Machine II
43%
1995 1.Outside
36%
1969 David Bowie (Space Oddity)
36%
1982 David Bowie in Bertolt Brecht's Ba'al
7%
1986 Labyrinth — Original Motion Picture Soundtrack
7%
No matching quizzes found
Score Distribution
Percent of People with Each Score
Percentile by Number Answered
Your Score History
You have not taken this quiz